Účtovné odpisy ako súčasť ekonomického rozhodovania

Odpisovanie investičného majetku. Lineárna metóda odpisovania. Degresívna metóda odpisovania. Progresívna metóda odpisovania.

Guardado en:
Detalles Bibliográficos
Autor principal: Ciliková, O.
Formato: Capítulo de libro
Lenguaje:eslovaco
Materias:
Etiquetas: Agregar Etiqueta
Sin Etiquetas, Sea el primero en etiquetar este registro!

MARC

LEADER 00000naa a2200000 4500
001 r021316
005 20230912111221.1
041 0 |a slo 
044 |a SK 
245 1 0 |a Účtovné odpisy ako súčasť ekonomického rozhodovania  |c O. Ciliková 
520 |a Odpisovanie investičného majetku. Lineárna metóda odpisovania. Degresívna metóda odpisovania. Progresívna metóda odpisovania. 
610 2 0 |a odpisy 
610 2 0 |a majetok investičný 
610 2 0 |a rozhodovanie podnikové 
100 1 |a Ciliková, O.